| 000 | 00390 a2200109 4500 | ||
|---|---|---|---|
| 001 | ART_38002 | ||
| 005 | 20260410161751.0 | ||
| 008 | 260409a | ||
| 245 | 1 | 0 | _aLa responsabilidad del contador público frente a la ley de procedimientos tributarios en su modalidad culposa |
| 100 | 1 | _aSequeira, Marcos A. | |
| 773 | 0 |
_tDoctrina tributaria _g- Nº 419 (feb. 2015) _wREV4296 |
|
| 999 |
_c19693 _d19693 |
||